o to to - Statystyki

Ogólne statystyki
  • Ten quiz został rozwiązany 42 razy
    34 od ostatniego zresetowania
  • Średni wynik to 13 z 26
Statystyki odpowiedzi
Zagadnienie Odpowiedź % Poprawnych
Gdzie sprawdzamy tętno u dorosłych poszkodowanych? na tętnicach szyjnych
100%
U nieprzytomnej ofiary wypadku akcję reanimacyjną należy prowadzić: do chwili przybycia karetki pogotowia,
82%
Produkowane obecnie gaśnice śniegowe posiadają zawór: szybkootwieralny
82%
W jakiej minimalnej odległości od lasu można rozpalić ognisko? w odległości 100 m
73%
Co oznacza skrót KCKR? Krajowe Centrum Koordynacji Ratownictwa
64%
Czy samochód GBAM - 2/8 + 8 posiada motopompę? tak
64%
Jaki gaz o właściwościach wybuchowych wydziela się podczas ładowani akumulatorów kwasowych? wodór
64%
Oświetlenie awaryjne obejmuje: oświetlenie bezpieczeństwa i ewakuacyjne
55%
Co oznacza symbol GBAM? samochód gaśniczy ze zbiornikiem z autopompą i motopompą
55%
Wstrząs jest to: stan niedotlenienia mózgu
55%
Z przewodów dymowych i spalinowych w budynkach opalanych paliwem stałym należy usuwać zanieczyszczenia: 4 razy w roku
45%
Jaka jest praktyczna wysokość ssania motopomp strażackich? 7,5 m
45%
Co stanie się z płomieniem świecy, jeżeli w pomieszczeniu zwiększymy stężenie tlenu? a. płomień wydłuży się
45%
Budynki niskie to: budynki mieszkalne o wysokości do 4 kondygnacji włącznie
45%
Samochód gaśniczy GBA 2,5/16 typ 005 posiada: urządzenie szybkiego natarcia W - 25
45%
Gdzie w Polsce znajdują się relikwie św. Floriana? w Warszawie
45%
Jaka jest normatywna szerokość poziomych dróg ewakuacyjnych w nowo projektowanych budynkach? 1,4
36%
Gaz propan-butan jest: cięższy od powietrza
36%
Klasa odporności ogniowej dotyczy: elementów budynku
36%
Komendanta Głównego PSP powołuje i odwołuje: Prezes Rady Ministrów na wniosek Ministra Spraw Wewnętrznych i Administracji
36%
Związek Ochotniczych Straży Pożarnych został powołany w roku: w 1956
36%
Najwyższą władzą w OSP jest: walne zebranie
36%
Wokół placów składowych należy zachować pas ochronny o szerokości minimum: 2m
27%
Odległość hydrantu zewnętrznego od ścian budynku powinna wynosić: najmniej 5 m
27%
Drabina dwuprzęsłowa wysuwana może być sprawiona jako: wolnostojąca
27%
Państwowa Straż Pożarna została utworzona w : 1975r
18%
Nie znaleziono quizów pasujących do podanych kryteriów
Rozkład punktacji
Procent ludzi z każdym wynikiem
Percentyl według liczby udzielonych odpowiedzi
Twoja historia wyników
Nie rozwiązałeś tego quizu od ostatniego zresetowania